Flora de la Reserva Nacional Rio Clarillo: guía de identificación de especies

Salvato in:
Dettagli Bibliografici
Autore principale: Teillier, Sebastián
Altri autori: Aldunat Noël, Gustavo Eduardo, Riedemann Moellinghoff, María Paulina, Niemeyer Fernández, Hermann M. (autor)
Natura: Libro
Lingua:spagnolo
Pubblicazione: Santiago, Chile Universidad de Chile 2005
Soggetti:
Tags: Aggiungi Tag
Nessun Tag, puoi essere il primo ad aggiungerne!!

MARC

LEADER 00000nam a2200000 a 4500
001 UCI3511
003 CL-VaPUC
005 20250225092637.0
008 071109e20050000CL |||||||||||||||||spa|d
999 |c 327668  |d 327666 
020 |a 9562999785 
040 |c Pontificia Universidad Católica de Valparaíso 
082 0 4 |a 581.983 TEI 2005  |2 21 
100 0 |a Teillier, Sebastián  |9 524857 
245 1 0 |a Flora de la Reserva Nacional Rio Clarillo: guía de identificación de especies 
260 0 3 |a Santiago, Chile  |b Universidad de Chile  |c 2005 
300 |a 367 páginas 
583 |a last modification  |c 20160530 09:00:25  |k Rodrigo Vera 
600 0 7 |a RESERVA NACIONAL RIO CLARILLO  |2 CL-VaPUC  |9 524861 
650 0 |a Botánica  |9 264202 
650 7 |a PLANTAS  |2 CL-VaPUC  |9 346074 
650 0 |a Recursos vegetales  |9 356886 
650 0 |a Protección de las plantas  |9 264406 
650 0 |a Ecología vegetal   |9 264247 
650 7 |a PLANTAS SILVESTRES  |2 CL-VaPUC  |9 347474 
650 0 |a Vegetación  |9 264748 
650 0 |a Jardines botánicos   |9 269597 
651 0 |a Santiago  |z CHILE  |9 265444 
700 0 |a Aldunat Noël, Gustavo Eduardo  |9 524858 
700 0 |a Riedemann Moellinghoff, María Paulina  |9 524859 
700 |a Niemeyer Fernández, Hermann M.  |e autor  |9 370276 
942 |c BK  |2 ddc 
945 |d 20071109 00:00:00  |a rbrito 
952 |0 0  |1 0  |2 ddc  |4 0  |6 581_983000000000000_TEI_2005  |7 0  |8 A  |9 410817  |a BIBCUR  |b BIBCUR  |d 2019-11-22  |i 4386965  |o 581.983 TEI 2005  |p 4386965  |r 2025-04-22  |t 1  |w 2019-11-22  |y BK  |k BIO